| 000 | 00830nam a22002657a 4500 | ||
|---|---|---|---|
| 003 | 0 | ||
| 005 | 20180731160036.0 | ||
| 008 | 0 | ||
| 010 | _aB-025999 | ||
| 020 |
_a8120317122 _c225.00 |
||
| 035 | _aB-025999, B-026000 | ||
| 037 | _bCen Lib/Ret | ||
| 040 |
_aDPL _bEN _c0 |
||
| 082 |
_a004.69 _bKAR |
||
| 100 |
_aKartalopoulos, Stamations V. _936435 |
||
| 245 |
_aUnderstanding sonet/SDH and ATM : _cby Stamations V. Kartalopoulos _bcommunications networks for the next millennium / |
||
| 250 | _a6th ed | ||
| 260 |
_a New Delhi _bPrentice hall of India _c2000 |
||
| 270 |
_aM-97, Connaught circus _b New Delhi _e110001 |
||
| 300 |
_axvi257p. _c21cm(Hb) |
||
| 500 | _aIncludes index | ||
| 650 |
_aComputer science _936436 |
||
| 650 |
_aCoomunations networks _936437 |
||
| 942 |
_2ddc _cEN _h004.69 _mKAR |
||
| 999 |
_c132990 _d132990 |
||